000 00875nam0a2200277 4500
001 RU\NLR\bibl\1005498
005 20260405120021.0
010 _a5-17-038012-7
_910000
021 _aRU
_b2006-60244
_92993
035 _a(NLR Aleph) 000993160
090 _a531627
_c531627
100 _a20061110d2006 |||y0rusy50 ca
101 0 _arus
102 _aRU
105 _ay |||||||||
200 1 _aSMS-частушки и забавные стихи
_f[сост. Ю. Баранов]
210 _aМосква
_cАСТ
_aСанкт-Петербург
_cСова
_d2006
215 _a63 с.
_d18
225 1 _aSMS-мания
686 _aШ3(2=1Р)72-670
702 1 _4220
_7ca
_8rus
_aБаранов
_bЮ.
_cпопуляризатор
_929231
_3RU\NLR\AUTH\7746296
801 0 _aRU
_bNLR
_c20061110
_grcr
801 1 _aRU
_bNLR
_c20061110
942 _cBOOK
980 _aNB